|
|
|
|
| LEADER |
01095nam a2200421 4500 |
| 001 |
DLU120132190 |
| 005 |
##20120228 |
| 008 |
##090112s2010 maua b 001 0 eng |
| 010 |
# |
# |
|a 2008055072
|
| 020 |
# |
# |
|a 0205625746
|
| 020 |
# |
# |
|a 9780205625741
|
| 040 |
# |
# |
|a DLU
|b vie
|
| 041 |
# |
# |
|a eng
|
| 044 |
# |
# |
|a us
|
| 082 |
# |
# |
|a 362.973
|b GI-N
|
| 100 |
# |
# |
|a Gilbert, Neil,
|d 1940-
|
| 245 |
# |
# |
|a Dimensions of social welfare policy /
|c Neil Gilbert, Paul Terrell.
|
| 250 |
# |
# |
|a 7th ed.
|
| 260 |
# |
# |
|a Boston :
|b Allyn & Bacon,
|c c2010.
|
| 300 |
# |
# |
|a xvi, 296 p. :
|b ill. ;
|c 24 cm.
|
| 504 |
# |
# |
|a Includes bibliographical references and index.
|
| 650 |
# |
# |
|a Public welfare
|z United States.
|
| 650 |
# |
# |
|a Public welfare.
|
| 650 |
# |
# |
|a Social choice.
|
| 651 |
# |
# |
|a United States
|x Social policy.
|
| 700 |
# |
# |
|a Terrell, Paul.
|
| 923 |
# |
# |
|a 01/2012CP
|
| 991 |
# |
# |
|a SH
|
| 992 |
# |
# |
|a 0
|
| 993 |
# |
# |
|a 2010
|
| 994 |
# |
# |
|a KCP
|
| 900 |
# |
# |
|a True
|
| 911 |
# |
# |
|a Nguyễn Thanh Hương
|
| 925 |
# |
# |
|a G
|
| 926 |
# |
# |
|a A
|
| 927 |
# |
# |
|a SH
|
| 980 |
# |
# |
|a Thư viện Trường Đại học Đà Lạt
|